LEADER 03051nam0 2200541 i 450 001 BVEE013452 005 20170908093158.0 012 $aumex r.ne ona- seau (3) 1573 (R)$2fei 100 $a20120622d1573 ||||0itac50 ba 101 | $alat 102 $ach 181 1$6z01$ai $bxxxe 182 1$6z01$an 200 1 $a˜Plutarchi Chaeronei œEthica, siue Moralia, opera quae extant, omnia: interprete Hermanno Cruserio I.C. atque illustrissimi ducis cliuensis & iuliacensis consiliario. Accesserunt rerum & verborum fidelissimi indices 210 $aBasileae$capud Thomam Guarinum$d1573$eBasileae$gapud Thomam Guarinum$h1573 215 $a[12], 839, [49] p.$d2º 300 $aMarca (J204) sul front. e in fine 300 $aCors. ; rom 300 $aSegn.: a⁶ A-2Z⁶ 2A-3E⁶ 300 $aIniziali xil. 316 $a1 v. - timbri Biblioteca provinciale e Collegio militare$5IT-NA0079, F.NUNZ. A 2 1 316 $a1 esemplare restaurato$5IT-NA0070, Z.D. 0277 316 $a1 v. (Sul front. nota di possesso: Coll. Cler. reg. S. Pauli Bonen.)$5IT-NA0085, F. ANTICO SEC. 16. 0068 317 $aPossessore: *Biblioteca Provinciale . $5IT-NA0079 F.NUNZ. A 2 1 317 $aProvenienza: *Collegio militare . $5IT-NA0079 F.NUNZ. A 2 1 500 10$aMoralia$3BVEE006601$9CFIV005487$914074 620 $dBasilea$3BVEL000292 700 0$aPlutarchus$3CFIV005487$4070$0439241 702 1$aCruser$b, Hermann$f <1510-1573>$3BVEV023172 712 02$aGuarin, Thomas$3BVEV016964$4650 712 02$aBiblioteca Provinciale$c $3NAPP000540$4390$5IT-NA0079 F.NUNZ. A 2 1 712 02$aCollegio militare$c $3NAPP001060$4320$5IT-NA0079 F.NUNZ. A 2 1 790 0$aPloytarchoy$3CFIV259063$zPlutarchus 790 0$aPlutarque$3CFIV259064$zPlutarchus 790 0$aPlutarch$3CFIV259065$zPlutarchus 790 0$aPlutarth$3CFIV259066$zPlutarchus 790 0$aPlutarco$3CFIV259071$zPlutarchus 790 0$aPloutarkhos$3SBNV036198$zPlutarchus 801 3$aIT$bIT-NA0079$c20120622 850 $aIT-NA0079$aIT-NA0070$aIT-NA0085 912 $aBVEE013452 921 $aBVEM001161$bIn cornice: Palma con frutti. Ai lati del tronco Palma Guari.$cJ204$dSul front. e in fine. 950 0$aBiblioteca Nazionale Vittorio Emanuele III$c1 v.$d BNF.NUNZ. A 2 1$e BN 0006670285 G 1 v. - timbri Biblioteca provinciale e Collegio militare$fC $h19571231$i19571231$ltimbri Biblioteca provinciale e Collegio militare$mTimbri di enti laici e persone 950 0$aBiblioteca Universitaria$b1 esemplare$d BUZ.D. 0277$e BUSI 0000242335 B 1 esemplare restaurato$fZ $h20120622$i20120622 950 0$aEmeroteca Biblioteca Tucci$d TUF. ANTICO SEC. 16. 0068$e TU 0000000745 B 1 v. (Sul front. nota di possesso: Coll. Cler. reg. S. Pauli Bonen.)$fZ $h20150402$i20150402 977 $a BN$a BU$a TU 996 $aMoralia$914074 997 $aUNISANNIO LEADER 02637nam 22004813u 450 001 9910962760903321 005 20251117002732.0 035 $a(CKB)1000000000688686 035 $a(EBL)318672 035 $a(OCoLC)476114018 035 $a(MiAaPQ)EBC318672 035 $a(EXLCZ)991000000000688686 100 $a20130418d2007|||| u|| | 101 0 $aeng 135 $aur|n|---||||| 181 $ctxt$2rdacontent 182 $cc$2rdamedia 183 $acr$2rdacarrier 200 10$aPolitics in Context $eAssimilation and Conflict in Urban Neighborhoods 205 $a1st ed. 210 $aNew York $cAlgora Publishing$d2007 215 $a1 online resource (200 p.) 300 $aDescription based upon print version of record. 311 08$a0-87586-068-0 327 $aCONTENTS; Acknowledgments; 1 . An Introduction to Politics in Context; 2 . Assimilation and Conflict in Urban Contexts; 3 . Contextual Constraints on Friendship Choice; 4. Individual and Contextual Bases of Partisan Attachment; 5 . The Contextual Basis for Ethnic Politics; 6 . Neighborhood Influences on White Flightand Residential Satisfaction; 7 . The Social Context of Political Participation; 8 . Assimilation, Conflict. and the Mechanismsof Contextual Influence; 9 . Assimilation. Conflict. and Tipping Points; 10 . Conclusions and Consequences; Appendix A: The Data Base for This Study 327 $aAppendix B: Methodological Pitfalls and GoalsAppendix C: The Model of Friendship Choice; Appendix D: The Model; Notes; References; Index 330 $aPolitical opinions and the behavior of individuals cannot be explained apart from the environments within which they occur. Individual characteristics alone do not determine political actions and opinions. Rather, political behavior must be understood in terms of the actor's relationship to the environment, and the environmental factors that impinge on individual choice. (From the Introduction) ""The central argument of this book is that neighborhood social contexts have important political consequences, not only for individual behavior but also for the political vitality of groups in the poli 606 $aNeighborhood 606 $aPolitical participation 606 $aSocial interaction 615 4$aNeighborhood. 615 4$aPolitical participation. 615 4$aSocial interaction. 676 $a307.3’362 676 $a307.3362 700 $aHuckfeldt$b R. Robert$0121310 801 0$bAU-PeEL 801 1$bAU-PeEL 801 2$bAU-PeEL 906 $aBOOK 912 $a9910962760903321 996 $aPolitics in Context$94537368 997 $aUNINA